000 00400nam a2200181Ia 4500
001 9934
005 20260306161755.0
008 260306t1956||||xx |||||||||||||| ||spa||
041 _aESP
082 _a808.8
_bO693A
100 _aAristotelis
_eAUT
245 0 _aDe anima
260 _c1956
300 _aix, 110 páginas :
_c19 cm.
650 _aGEN
654 _aCHU
942 _cLIB
_dJUS
_fJUS
_2ddc
_n
999 _c9934
_d9934